000
00326nam a2200145Ia 4500
005
20251222152037.0
008
251222s9999||||xx |||||||||||||| ||spa||
020
_a
9788497841856
082
_a
363.738.74/G74A
100
_a
Gore, Al
245
0
_a
Nuestra Elección:
250
_a
1ra.ed.
264
_b
Gedisa
942
_c
LIB
999
_c
25887
_d
25887